Философия (СО): электронный курс
| Yhteisötekijä: | |
|---|---|
| Muut tekijät: | , , |
| Yhteenveto: | Заглавие с экрана В курсе «Философия» рассматриваются: основные проблемы философии; различные формы мировоззрения: мифологическое, религиозное, философское, научное; основные этапы развития философской мысли в ее связи с наукой, религией, искусством, мировоззрением эпохи; основные закономерности развития общества; проблемы личности и смысла человеческой жизни; вопросы, связанные с принципами и границами познания. Особое внимание уделяется умению использовать основные положения и методы социальных, гуманитарных и экономических наук при решении социальных и профессиональных задач. Знания, полученные в курсе, помогут приобщить студентов к историческому опыту мировой философской мысли; сформировать ясное представление о характере современной философской культуры; развить навыки самостоятельного аналитического мышления, актуализировать интерес к фундаментальным и теоретическим знаниям. Доступ по логину и паролю |
| Kieli: | venäjä |
| Julkaistu: |
Томск, TPU Moodle, 2015
|
| Aiheet: | |
| Linkit: | https://design.lms.tpu.ru/course/view.php?id=1226 |
| Aineistotyyppi: | MixedMaterials Elektroninen Kirja |
| KOHA link: | https://koha.lib.tpu.ru/cgi-bin/koha/opac-detail.pl?biblionumber=665573 |
MARC
| LEADER | 00000nlm0a2200000 4500 | ||
|---|---|---|---|
| 001 | 665573 | ||
| 005 | 20251226145306.0 | ||
| 035 | |a (RuTPU)RU\TPU\network\36772 | ||
| 035 | |a RU\TPU\network\15814 | ||
| 090 | |a 665573 | ||
| 100 | |a 20211019d2015 m y0rusy50 ca | ||
| 101 | 0 | |a rus | |
| 102 | |a RU | ||
| 105 | |a a j 000zy | ||
| 135 | |a jrcn ---uucaa | ||
| 181 | 0 | |a i | |
| 182 | 0 | |a b | |
| 200 | 1 | |a Философия (СО) |e электронный курс |f И. Б. Ардашкин, А. Ю. Чмыхало, М. А. Макиенко |g Национальный исследовательский Томский политехнический университет (ТПУ), Институт социально-гуманитарных технологий (ИСГТ), Кафедра истории и философии науки и техники (ИФНТ) | |
| 203 | |a Текст |c электронный | ||
| 210 | |a Томск |c TPU Moodle |d 2015 | ||
| 300 | |a Заглавие с экрана | ||
| 330 | |a В курсе «Философия» рассматриваются: основные проблемы философии; различные формы мировоззрения: мифологическое, религиозное, философское, научное; основные этапы развития философской мысли в ее связи с наукой, религией, искусством, мировоззрением эпохи; основные закономерности развития общества; проблемы личности и смысла человеческой жизни; вопросы, связанные с принципами и границами познания. Особое внимание уделяется умению использовать основные положения и методы социальных, гуманитарных и экономических наук при решении социальных и профессиональных задач. Знания, полученные в курсе, помогут приобщить студентов к историческому опыту мировой философской мысли; сформировать ясное представление о характере современной философской культуры; развить навыки самостоятельного аналитического мышления, актуализировать интерес к фундаментальным и теоретическим знаниям. | ||
| 333 | |a Доступ по логину и паролю | ||
| 606 | 1 | |a Философия |2 stltpush |3 (RuTPU)RU\TPU\subj\63880 |9 80812 | |
| 610 | 1 | |a электронный ресурс | |
| 610 | 1 | |a труды учёных ТПУ | |
| 610 | 1 | |a электронное обучение | |
| 610 | 1 | |a электронные курсы ТПУ | |
| 610 | 1 | |a учебные пособия | |
| 610 | 1 | |a философия | |
| 610 | 1 | |a мировоззрение | |
| 610 | 1 | |a картина мира | |
| 610 | 1 | |a законы | |
| 610 | 1 | |a закономерности | |
| 610 | 1 | |a общество | |
| 610 | 1 | |a природа | |
| 610 | 1 | |a смыслы | |
| 610 | 1 | |a индивиды | |
| 610 | 1 | |a индивидуальность | |
| 610 | 1 | |a личности | |
| 686 | |a Ю0/3я73 |2 rubbk | ||
| 701 | 1 | |a Ардашкин |b И. Б. |c философ |c профессор Томского политехнического университета, доктор философских наук |f 1972- |g Игорь Борисович |3 (RuTPU)RU\TPU\pers\25417 |9 11359 | |
| 701 | 1 | |a Чмыхало |b А. Ю. |c философ |c доцент Томского политехнического университета, кандидат философских наук |f 1973- |g Александр Юрьевич |3 (RuTPU)RU\TPU\pers\25447 |9 11389 | |
| 701 | 1 | |a Макиенко |b М. А. |c философ |c доцент Томского политехнического университета, кандидат философских наук |f 1978- |g Марина Алексеевна |3 (RuTPU)RU\TPU\pers\24689 |9 10952 | |
| 712 | 0 | 2 | |a Национальный исследовательский Томский политехнический университет (ТПУ) |b Институт социально-гуманитарных технологий (ИСГТ) |b Кафедра истории и философии науки и техники (ИФНТ) |3 (RuTPU)RU\TPU\col\21252 |
| 801 | 2 | |a RU |b 63413507 |c 20220415 |g RCR | |
| 856 | 4 | |u https://design.lms.tpu.ru/course/view.php?id=1226 |z https://design.lms.tpu.ru/course/view.php?id=1226 | |
| 942 | |c CF | ||